00820na a2200241 450000100060000000300080000600500170001400800410003103500100007204000250008208200260010709000250013324500890015826000280024730000230027549000380029860000570033670000200039370000300041394200130044395201070045699900150056313850MIRAKIL20181213154839.0160819b tu 000 0  a13850 aMilasbturcTR-AnCHP aATA 923.156bH92 1993 aATA 923.156 H92 1993 aHer zaman AtatürkcYayına hazırlayanlar Yekta Güngör Özden, Emine Yıldız aAnkarab[yayl.y.]c1993 axii, 53 s.c23 sm. aAnayasa Mahkemesi Yayınlarıv29 aAtatürk, Mustafa Kemald1881-1938xAnma kitapları aYıldız, Emine aÖzden, Yekta Güngör 2ddccBKS a0001b0001d2016-08-19e2l0oATA 923.156 H92 1993p001691r2016-08-19 00:00:00v0.00w2016-08-19yBKS c1935d1935